Web publishing with Netscape for busy people / (Record no. 16393)

000 -LEADER
fixed length control field 00554cam a2200193 a 4500
020 ## - INTERNATIONAL STANDARD BOOK NUMBER
ISBN 0078821444 (pbk.) :
040 ## - CATALOGING SOURCE
Transcribing agency OCo
082 00 - DEWEY DECIMAL CLASSIFICATION NUMBER
Classification number 005 OSB 1996 A004 Or.
100 1# - MAIN ENTRY--AUTHOR NAME
Personal name Crumlish, Christian.
245 10 - TITLE STATEMENT
Title Web publishing with Netscape for busy people /
260 ## - PUBLICATION, DISTRIBUTION, ETC. (IMPRINT)
Place of publication Berkeley :
Name of publisher Osborne/McGraw-Hill,
Year of publication c1996.
300 ## - PHYSICAL DESCRIPTION
Number of Pages xxiii, 279 p. :
Other physical details col. ill. ;
Dimensions 24 cm.
500 ## - GENERAL NOTE
General note Includes index.
650 #0 - SUBJECT ADDED ENTRY--TOPICAL TERM
Topical Term Web sites
650 #0 - SUBJECT ADDED ENTRY--TOPICAL TERM
Topical Term Web site development.
650 #0 - SUBJECT ADDED ENTRY--TOPICAL TERM
Topical Term HTML (Document markup language)
700 1# - ADDED ENTRY--PERSONAL NAME
Personal name Humes, Malcolm.
942 ## - ADDED ENTRY ELEMENTS (KOHA)
Koha item type សៀវភៅភាសាអង់គ្លេស
952 ## - LOCATION AND ITEM INFORMATION (KOHA)
Withdrawn status [LOCAL, KOHA] 0
Holdings
Permanent Location Date acquired Koha item type Lost status Shelving location Barcode Current Location Full call number
Library Block A2018-02-19សៀវភៅភាសាអង់គ្លេស A004A17856Library Block A005 OSB 1996 A004 Or.
មជ្ឈមណ្ឌលឯការនៃសាកលវិទ្យាល័យភូមិន្ទកសិកម្មចំការដូង

Powered by Koha